Popes by First Two Letters - Two Minute Sprint - Statistics

General Stats
  • This quiz has been taken 793 times
  • The average score is 40 of 81
Answer Stats
# name % Correct
21 John
95%
2 John Paul
95%
1 Francis
92%
17 Benedict
91%
2 Paschal
91%
6 Paul
91%
2 Pelagius
86%
1 Peter
86%
12 Pius
81%
13 Leo
74%
1 Marcellinus
71%
2 Marcellus
71%
2 Marinus
71%
1 Mark
71%
3 Martin
71%
1 Silverius
63%
1 Simplicius
63%
1 Siricius
63%
1 Sisinnius
63%
5 Sixtus
63%
13 Innocent
61%
8 Urban
59%
7 Alexander
58%
16 Gregory
58%
1 Liberius
58%
1 Linus
58%
14 Clement
56%
8 Boniface
54%
1 Caius
53%
3 Callixtus
53%
1 Conon
52%
1 Constantine
52%
1 Cornelius
52%
5 Celestine
49%
2 Gelasius
49%
1 Miltiades
48%
4 Sergius
48%
1 Severinus
48%
1 Anacletus
47%
3 Anastasius
47%
1 Anicetus
47%
1 Anterus
47%
5 Nicholas
47%
2 Damasus
46%
1 Lando
46%
1 Sabinian
44%
4 Honorius
42%
1 Hormisdas
42%
3 Lucius
42%
1 Pontian
42%
3 Julius
41%
3 Felix
39%
1 Romanus
39%
1 Soter
39%
1 Donus
38%
3 Victor
38%
1 Vigilius
38%
1 Vitalian
38%
2 Adeodatus
37%
6 Adrian
37%
1 Dionysius
37%
9 Stephen
37%
1 Fabian
35%
1 Telesphorus
35%
1 Hilarius
32%
1 Valentine
32%
2 Theodore
31%
1 Formosus
28%
3 Sylvester
23%
1 Symmachus
23%
4 Eugene
22%
1 Eusebius
22%
1 Eutychian
22%
1 Zachary
21%
2 Agapetus
20%
1 Agatho
20%
1 Zephyrinus
16%
1 Eleuterus
15%
1 Zosimus
14%
1 Evaristus
13%
1 Hyginus
13%
No matching quizzes found
Score Distribution
Percent of People with Each Score
Percentile by Number Answered
Your Score History
You have not taken this quiz